| 000 | 00874ntm a22002417a 4500 | ||
|---|---|---|---|
| 005 | 20170813145824.0 | ||
| 008 | 170802s2013 xx a frb 000 0 eng d | ||
| 040 |
_aEG-ScBUE _beng _cEG-ScBUE |
||
| 082 | 0 | 4 |
_a621 _bRAH _222 |
| 100 | 1 | _aAbd El rahman, Hadeer Hamdy. | |
| 245 | 1 | 0 |
_aFriction stir welding of tailor welded blanks / _cHadeer Hamdy Abd El Rahman. |
| 260 | _c2013. | ||
| 300 |
_avii. 54 p. : _bill. (col.) ; _c28 cm. |
||
| 500 | _aA dissertation submitted to the faculty of engineering, The British University in egypt, in partial fulfillment of the requirements for the bachelor degree in mechanical engineering. | ||
| 590 | _amai allam | ||
| 650 | 7 |
_2BUEsh _amechanical engineering _vProjects |
|
| 653 |
_bENGMEC _cAugust2017 |
||
| 655 | _vSPRO | ||
| 700 | 1 |
_aElshazly, Mostafa. _eths. |
|
| 700 | 1 |
_aZaky, Mohamed. _eths. |
|
| 777 | _ASPRO | ||
| 942 | _2ddc | ||
| 999 |
_c25344 _d25316 |
||